Római emlékek Tunéziában az évezredek hagyatéka felmérhetetlen. Az egymásra épülő kultúráknak köszönhetően ma nehéz úgy építkezni, hogy ne kerüljön gazdag leletanyag a felszínre

Bibliographic Details
Main Author: Csermák, Zoltán (Author)
Format: Article
Language:Hungarian
PhysicalDescription:Fotogr.
ISSN:1335-7050
Subjects:

MARC

LEADER 00000nab a2200000 ar4500
001 vtls010116240
003 SK-MaSNL
005 20260318123740.0
008 100719c20100703xo |||||||| 000 b|hun
015 |a SNBRB2010/07  |2 snkbucl 
038 |a SNKBUCL 
040 |a DSZK  |b slo  |c DSZK  |e AACR2 
041 0 |a hun 
044 |a xo  |c SK 
080 |a 902:904  |x (611)  |2 2001 
080 |a 904  |x (611)  |x "00/03"  |2 2001 
100 1 |a Csermák, Zoltán  |4 aut  |9 1079303 
245 1 0 |a Római emlékek Tunéziában  |b az évezredek hagyatéka felmérhetetlen. Az egymásra épülő kultúráknak köszönhetően ma nehéz úgy építkezni, hogy ne kerüljön gazdag leletanyag a felszínre  |c Csermák Zoltán 
300 |b Fotogr. 
650 0 7 |a doba rímska  |2 SNKPH  |9 85771 
650 0 7 |a archeologické pamiatky  |2 SNKPH  |9 31774 
650 0 7 |a kultúrne pamiatky  |2 SNKPH  |9 2862 
651 7 |a Tunisko  |2 SNKPHgeo  |9 16161 
773 0 |t Új szó  |g Évf. 63, sz. 152 (3.7.2010), o. 12-13  |x 1335-7050 
773 0 8 |i Mell.:  |t Szalon  |g Évf. 4, sz. 25 (2010) 
852 |a SNK  |b KIS3GCP 
852 |a DSZK  |b KIS3GCP 
958 |a HU 
958 |a TN 
999 |c 2702913  |d 2704843